letters by picture - os - Statistics

General Stats
  • This quiz has been taken 6 times
  • The average score is 20 of 24
Answer Stats
Picture Answer % Correct
Bosnia
100%
Bosnia
100%
Costa Rica
100%
Costa Rica
100%
Costa Rica
100%
Costa Rica
100%
Kosovo
100%
Kosovo
100%
Laos
100%
Laos
100%
Russia
100%
USA
100%
USSR
100%
Austria
83%
Barbados
83%
Comoros
83%
Italy
83%
Microsoft
83%
Palau
83%
Morocco
67%
Yugoslavia
67%
Curious George
50%
Cross
17%
Osaka
17%
No matching quizzes found
Score Distribution
Percent of People with Each Score
Percentile by Number Answered
Your Score History
You have not taken this quiz